000 01154cam a2200301 a 4500
001 13131860
003 OSt
005 20150408113721.0
008 030321s2003 caua 001 0 eng
010 _a 2003267073
020 _a0072226447
040 _aDLC
_cDLC
_dDLC
050 0 0 _aQA76.76.H94
_bW587 2003
082 0 0 _a005.7/2
_221
100 1 _aWillard, Wendy.
_94850
245 1 0 _aHTML :
_ba beginner's guide /
_cWendy Willard.
250 _a2nd ed.
260 _aBerkeley, Calif. :
_bOsborne/McGraw-Hill,
_cc2003.
300 _axx, 522 p. :
_bill. ;
_c24 cm.
500 _aIncludes index.
650 0 _aHTML (Document markup language)
_93351
856 4 2 _3Contributor biographical information
_uhttp://www.loc.gov/catdir/bios/mh042/2003267073.html
856 4 2 _3Publisher description
_uhttp://www.loc.gov/catdir/description/mh031/2003267073.html
856 4 1 _3Table of contents
_uhttp://www.loc.gov/catdir/toc/mh031/2003267073.html
906 _a7
_bcbc
_corigcop
_d2
_encip
_f20
_gy-gencatlg
942 _2ddc
_cBOOK
999 _c635
_d235135